[Event "CAN-ch U20 2001"]
[Site "Montreal CAN"]
[Date "2001.01.05"]
[Round "6"]
[White "Predescu, Sebastian"]
[Black "Deveau, Justin"]
[Result "1-0"]
[WhiteElo "2092"]
[BlackElo "1534"]
[PlyCount "149"]
[GameId "2160767911627224"]
[EventDate "2001.01.03"]
[EventType "swiss"]
[EventRounds "9"]
[EventCountry "CAN"]

1. e4 e5 2. Nf3 Nc6 3. d4 exd4 4. Nxd4 Bc5 5. Be3 Nf6 6. Nxc6 bxc6 7. Bxc5 d6 8. Be3 Nxe4 9. Bd3 Nf6 10. h3 h6 11. O-O O-O 12. Nd2 Re8 13. Re1 Be6 14. Nf3 c5 15. c4 Qd7 16. Kh2 Rab8 17. b3 a5 18. Bd2 Ra8 19. Bc3 Qd8 20. Bxf6 Qxf6 21. Be4 Ra7 22. Bd5 Re7 23. Bxe6 fxe6 24. Qe2 a4 25. Qe3 axb3 26. Qxb3 Re8 27. Rab1 Rea8 28. Rb2 Ra4 29. Ree2 Rb4 30. Qc2 Qf4+ 31. Kg1 Rxc4 32. Qd2 Qf7 33. Rb7 Rca4 34. Qe3 Rxa2 35. Qxe6 Rxe2 36. Qxe2 Ra2 37. Rb8+ Kh7 38. Qe4+ g6 39. Re8 Qf6 40. Re6 Qf5 41. Re7+ Kg8 42. Qxf5 gxf5 43. Rxc7 Ra6 44. Nh4 Ra1+ 45. Kh2 Ra5 46. Nxf5 Ra2 47. Kg3 Rd2 48. Nxh6+ Kf8 49. Nf5 d5 50. Rxc5 d4 51. Rd5 Kf7 52. Rxd4 Rc2 53. Ne3 Ra2 54. h4 Kg6 55. f3 Ra3 56. Nd5 Rb3 57. Kg4 Rb7 58. g3 Rg7 59. Kh3 Rf7 60. f4 Rg7 61. g4 Rh7 62. h5+ Kg7 63. Kh4 Kf7 64. g5 Kf8 65. g6 Rg7 66. Kg5 Kg8 67. h6 Rb7 68. Nf6+ Kf8 69. g7+ Rxg7+ 70. hxg7+ Kxg7 71. Nh5+ Kh7 72. Rd7+ Kg8 73. Kf6 Kh8 74. Kg6 Kg8 75. Rd8# 1-0

[Event "CAN-ch U20 2001"]
[Site "Montreal CAN"]
[Date "2001.01.05"]
[Round "6"]
[White "Raheb, David"]
[Black "Bluvshtein, Mark"]
[Result "1/2-1/2"]
[WhiteElo "2170"]
[BlackElo "2268"]
[PlyCount "71"]
[GameId "2160767911627225"]
[EventDate "2001.01.03"]
[EventType "swiss"]
[EventRounds "9"]
[EventCountry "CAN"]

1. d4 Nf6 2. c4 e6 3. Nc3 Bb4 4. Qc2 c5 5. dxc5 O-O 6. Nf3 Na6 7. g3 Nxc5 8. Bg2 Nce4 9. Bd2 Nxd2 10. Nxd2 Qa5 11. Rc1 a6 12. O-O Rb8 13. a3 Be7 14. Qd3 b5 15. b4 Qb6 16. c5 Qc7 17. Nde4 Nxe4 18. Nxe4 Bb7 19. Rfd1 Rfd8 20. Nd6 Bc6 21. Be4 g6 22. Bg2 Ra8 23. e4 Bxd6 24. Qxd6 Qb7 25. h4 Bxe4 26. c6 Bxc6 27. Bxc6 dxc6 28. Qxd8+ Rxd8 29. Rxd8+ Kg7 30. Rd6 a5 31. Rdxc6 axb4 32. axb4 Qa7 33. R1c5 Qa4 34. Rb6 Qxb4 35. Rbxb5 Qe1+ 36. Kg2 1/2-1/2

[Event "CAN-ch U20 2001"]
[Site "Montreal CAN"]
[Date "2001.01.05"]
[Round "6"]
[White "Ramaswamy, Kiran"]
[Black "Wilson, Jonathan"]
[Result "1/2-1/2"]
[WhiteElo "1860"]
[BlackElo "1842"]
[PlyCount "80"]
[GameId "2160767911627226"]
[EventDate "2001.01.03"]
[EventType "swiss"]
[EventRounds "9"]
[EventCountry "CAN"]

1. c4 e5 2. g3 Nf6 3. Bg2 d5 4. cxd5 Nxd5 5. Nc3 Be6 6. Nf3 Nc6 7. d3 Be7 8. O-O O-O 9. h4 h6 10. Bd2 Nb6 11. a3 a5 12. Na4 Nxa4 13. Qxa4 f5 14. Bc3 Bf6 15. Rad1 Qd6 16. d4 e4 17. Ne5 g5 18. hxg5 hxg5 19. Nxc6 Qxc6 20. Qxc6 bxc6 21. b4 Bc4 22. Rfe1 a4 23. e3 Bd5 24. Bb2 Kf7 25. Rc1 Be7 26. Bf1 Ke6 27. Bc4 Rf6 28. Bxd5+ Kxd5 29. Rc3 Rg8 30. Kf1 Rh6 31. Ke2 Rh2 32. Bc1 Rgh8 33. Rg1 R8h3 34. Rc2 Bd6 35. Kd1 g4 36. Ke1 Rh1 37. Rxh1 Rxh1+ 38. Ke2 Rg1 39. Kd2 Rh1 40. Kc3 Rf1 1/2-1/2

[Event "CAN-ch U20 2001"]
[Site "Montreal CAN"]
[Date "2001.01.05"]
[Round "6"]
[White "Robichaud, Martin"]
[Black "Sadoway, Steven"]
[Result "0-1"]
[WhiteElo "1974"]
[BlackElo "2019"]
[PlyCount "82"]
[GameId "2160767911627227"]
[EventDate "2001.01.03"]
[EventType "swiss"]
[EventRounds "9"]
[EventCountry "CAN"]

1. e4 c6 2. d4 d5 3. e5 Bf5 4. Bd3 Bxd3 5. Qxd3 e6 6. f4 Nd7 7. Nf3 Qb6 8. f5 exf5 9. Qxf5 Ne7 10. Qd3 c5 11. c3 Qg6 12. Qe2 Nc6 13. O-O Be7 14. Bf4 cxd4 15. Nxd4 O-O 16. Nd2 Rac8 17. N2f3 Nc5 18. Rad1 Ne6 19. Nxe6 fxe6 20. Be3 Qe4 21. Qd3 Qxd3 22. Rxd3 Rf5 23. Bd4 Rcf8 24. b4 b6 25. a3 g5 26. g4 R5f7 27. h3 h6 28. Nd2 Bd8 29. Rxf7 Rxf7 30. Nf1 Bc7 31. Kg2 Bxe5 32. Bxe5 Nxe5 33. Re3 Ng6 34. Nd2 Nf4+ 35. Kg3 Rc7 36. Kf2 Kf7 37. h4 Kg6 38. hxg5 hxg5 39. Nf3 Kf6 40. Kg3 Rxc3 41. Re1 e5 0-1

[Event "CAN-ch U20 2001"]
[Site "Montreal CAN"]
[Date "2001.01.05"]
[Round "6"]
[White "Stevens, Christian"]
[Black "Gottlieb, Jonathan"]
[Result "0-1"]
[WhiteElo "2063"]
[BlackElo "2118"]
[PlyCount "66"]
[GameId "2160767911627228"]
[EventDate "2001.01.03"]
[EventType "swiss"]
[EventRounds "9"]
[EventCountry "CAN"]

1. Nf3 d5 2. c4 e6 3. b3 c5 4. g3 Nc6 5. Bg2 Nf6 6. O-O Be7 7. Bb2 b6 8. cxd5 exd5 9. d4 Bb7 10. e3 O-O 11. dxc5 bxc5 12. Nc3 Rc8 13. Na4 Ba6 14. Re1 Nb4 15. Bf1 Bxf1 16. Rxf1 Qd7 17. a3 Na6 18. Qe2 Nc7 19. Nc3 Rb8 20. b4 cxb4 21. axb4 a6 22. Na4 Qg4 23. Kg2 Bxb4 24. Bxf6 gxf6 25. Rfc1 Ne6 26. Qxa6 Qe4 27. Nb6 Ng5 28. Nd7 Qxf3+ 29. Kf1 Ne4 30. Rc2 Ra8 31. Qxa8 Rxa8 32. Rxa8+ Kg7 33. Rac8 Bd2 0-1

[Event "CAN-ch U20 2001"]
[Site "Montreal CAN"]
[Date "2001.01.05"]
[Round "6"]
[White "Tessier, Olivier"]
[Black "Egorov, Mikhail"]
[Result "1/2-1/2"]
[WhiteElo "2117"]
[BlackElo "1996"]
[PlyCount "95"]
[GameId "2160767911627229"]
[EventDate "2001.01.03"]
[EventType "swiss"]
[EventRounds "9"]
[EventCountry "CAN"]

1. Nf3 c5 2. g3 d5 3. c4 Nf6 4. Bg2 g6 5. O-O Bg7 6. cxd5 Nxd5 7. Nc3 O-O 8. Nxd5 Qxd5 9. d3 Nc6 10. a3 Qd7 11. Rb1 b6 12. b4 cxb4 13. axb4 Bb7 14. b5 Nd4 15. Nxd4 Bxg2 16. Kxg2 Bxd4 17. e3 Bg7 18. Bb2 Qxb5 19. Bxg7 Qc6+ 20. Qf3 Qxf3+ 21. Kxf3 Kxg7 22. Rfc1 Rfb8 23. Rc7 e6 24. Rbc1 a5 25. Re7 a4 26. Rcc7 Rf8 27. Ra7 Rxa7 28. Rxa7 Rd8 29. Rxa4 Rxd3 30. Rb4 Rd6 31. h4 Kf8 32. e4 f6 33. e5 fxe5 34. Rb5 Ke7 35. Ke4 Rc6 36. g4 Kd6 37. h5 gxh5 38. gxh5 h6 39. f3 Kd7 40. Ke3 Kc7 41. Rxe5 Kb7 42. f4 Ka6 43. f5 exf5 44. Rxf5 b5 45. Kd4 Kb6 46. Rf3 Rc4+ 47. Kd5 Rh4 48. Rf6+ 1/2-1/2

[Event "CAN-ch U20 2001"]
[Site "Montreal CAN"]
[Date "2001.01.05"]
[Round "6"]
[White "Xia, Yanchong"]
[Black "Gabriel, Jarrett"]
[Result "1-0"]
[WhiteElo "1811"]
[BlackElo "1587"]
[PlyCount "63"]
[GameId "2160767911627232"]
[EventDate "2001.01.03"]
[EventType "swiss"]
[EventRounds "9"]
[EventCountry "CAN"]

1. e4 c5 2. Nf3 d6 3. d4 cxd4 4. Nxd4 Nf6 5. Nc3 a6 6. Bg5 e6 7. f4 Be7 8. Qf3 O-O 9. O-O-O Bd7 10. g4 Re8 11. Kb1 Qb6 12. Nb3 Nc6 13. Bd3 Nb4 14. Rhg1 Nxd3 15. Qxd3 d5 16. e5 Ne4 17. Nxe4 dxe4 18. Qxd7 Rad8 19. Qa4 Bxg5 20. fxg5 Rxd1+ 21. Rxd1 Rd8 22. Rxd8+ Qxd8 23. Qxe4 Qxg5 24. Qxb7 h6 25. Qe4 Qh4 26. Qa8+ Kh7 27. Qe4+ Kg8 28. Qe2 Qd8 29. a3 Qb6 30. h3 Qd8 31. Nc1 Qd5 32. b3 1-0

[Event "CAN-ch U20 2001"]
[Site "Montreal CAN"]
[Date "2001.01.06"]
[Round "7"]
[White "Bachand-Fleurent, Julien"]
[Black "Henson, Joshua"]
[Result "1/2-1/2"]
[WhiteElo "2009"]
[BlackElo "2136"]
[PlyCount "84"]
[GameId "2160767911627233"]
[EventDate "2001.01.03"]
[EventType "swiss"]
[EventRounds "9"]
[EventCountry "CAN"]

1. e4 e6 2. d4 d5 3. Nc3 Bb4 4. e5 c5 5. a3 Ba5 6. Qg4 Ne7 7. Bd2 cxd4 8. Nb5 Bc7 9. Qxg7 Rg8 10. Qxh7 Bxe5 11. Nf3 Rh8 12. Qd3 Nbc6 13. Nxe5 Nxe5 14. Qxd4 N7c6 15. Qc5 b6 16. Qd6 Qxd6 17. Nxd6+ Ke7 18. Nxc8+ Raxc8 19. O-O-O Ng4 20. Be1 Rxh2 21. Rxh2 Nxh2 22. Bb5 Ng4 23. Bxc6 Rxc6 24. Rd4 Ne5 25. Bb4+ Kd7 26. b3 Rc8 27. Kd2 Rg8 28. Rf4 f5 29. Bc3 Nc6 30. g3 Rg4 31. Rxg4 fxg4 32. Bg7 e5 33. c3 Ke6 34. b4 b5 35. Bh6 Kf5 36. Kd3 a6 37. Be3 e4+ 38. Kc2 Ne5 39. Kb3 Nc4 40. a4 Ke6 41. axb5 axb5 42. Kc2 Kf5 1/2-1/2

[Event "CAN-ch U20 2001"]
[Site "Montreal CAN"]
[Date "2001.01.06"]
[Round "7"]
[White "Candow, John"]
[Black "Beaudry, Lukas"]
[Result "0-1"]
[WhiteElo "1422"]
[BlackElo "1945"]
[PlyCount "72"]
[GameId "2160767911627234"]
[EventDate "2001.01.03"]
[EventType "swiss"]
[EventRounds "9"]
[EventCountry "CAN"]

1. d4 Nf6 2. c4 c5 3. Nf3 g6 4. Nc3 cxd4 5. Nxd4 Bg7 6. e4 d6 7. Be2 Nc6 8. Be3 Nd7 9. O-O O-O 10. Qd2 Nxd4 11. Bxd4 Bxd4 12. Qxd4 Qb6 13. Qxb6 Nxb6 14. Rfd1 Be6 15. Nd5 Bxd5 16. exd5 Rfc8 17. b3 a5 18. a4 Nd7 19. Rd3 Nc5 20. Re3 Re8 21. Rd1 Rad8 22. Re1 f5 23. Bd1 Kf7 24. f4 Kf6 25. Bc2 b6 26. Rb1 e5 27. dxe6 Rxe6 28. Rxe6+ Nxe6 29. g3 d5 30. Bd3 Nc5 31. Be2 d4 32. Bf3 Ne4 33. Bxe4 fxe4 34. Re1 e3 35. Kg2 d3 36. Kf3 e2 0-1

[Event "CAN-ch U20 2001"]
[Site "Montreal CAN"]
[Date "2001.01.06"]
[Round "7"]
[White "Charbonneau, Anne-Marie"]
[Black "Stevens, Christian"]
[Result "0-1"]
[WhiteElo "1837"]
[BlackElo "2063"]
[PlyCount "128"]
[GameId "2160767911627235"]
[EventDate "2001.01.03"]
[EventType "swiss"]
[EventRounds "9"]
[EventCountry "CAN"]

1. d4 Nf6 2. c4 e6 3. Nc3 Bb4 4. Qc2 O-O 5. a3 Bxc3+ 6. Qxc3 d6 7. Bg5 Nbd7 8. Nf3 b6 9. e3 Ba6 10. Bd3 c5 11. b4 cxd4 12. Nxd4 Rc8 13. Qb3 Ne5 14. Nb5 d5 15. cxd5 Qd7 16. a4 Nxd5 17. Rd1 Nxd3+ 18. Qxd3 Bxb5 19. Qxb5 Qxb5 20. axb5 Nc3 21. Rd7 Nxb5 22. e4 f6 23. Bd2 Rfd8 24. Rxd8+ Rxd8 25. Ke2 Nd4+ 26. Ke3 e5 27. f3 Kf7 28. Rc1 Nb5 29. Rc4 Ke7 30. g3 Kd7 31. f4 Rc8 32. Rxc8 Kxc8 33. Kd3 Kd7 34. Kc4 Kc6 35. fxe5 fxe5 36. Bg5 Nd6+ 37. Kd3 Kb5 38. Be7 Nc4 39. h4 g6 40. g4 a5 41. bxa5 bxa5 42. Kc3 a4 43. Kc2 a3 44. Kb3 Nd2+ 45. Kxa3 Kc4 46. Kb2 Kd3 47. Bf6 Kxe4 48. Kc2 Nf3 49. h5 Ke3 50. hxg6 hxg6 51. g5 Kf4 52. Kd3 Nxg5 53. Ke2 Ne4 54. Bh4 g5 55. Be1 g4 56. Kf1 Kf3 57. Ba5 g3 58. Bc7 g2+ 59. Kg1 Ng5 60. Bb6 Nh3+ 61. Kh2 g1=Q+ 62. Bxg1 Nxg1 63. Kxg1 Ke2 64. Kg2 e4 0-1

[Event "CAN-ch U20 2001"]
[Site "Montreal CAN"]
[Date "2001.01.06"]
[Round "7"]
[White "Deveau, Justin"]
[Black "Hebert Losier, Francis"]
[Result "1/2-1/2"]
[WhiteElo "1534"]
[BlackElo "1526"]
[PlyCount "92"]
[GameId "2160767911627237"]
[EventDate "2001.01.03"]
[EventType "swiss"]
[EventRounds "9"]
[EventCountry "CAN"]

1. e4 e5 2. Nf3 Nc6 3. Bc4 Nf6 4. d3 Bc5 5. Nc3 d6 6. h3 h6 7. O-O Be6 8. Bb3 Bxb3 9. axb3 Bd4 10. Be3 Bb6 11. Qd2 Ba5 12. Qe2 O-O 13. Bd2 Re8 14. Rfe1 Bb6 15. Qd1 Qd7 16. Be3 d5 17. exd5 Nxd5 18. Nxd5 Qxd5 19. Bxb6 axb6 20. Qe2 Rxa1 21. Rxa1 e4 22. Rd1 Rd8 23. Ne1 Ne5 24. Kf1 exd3 25. Nxd3 Rd6 26. Rd2 f6 27. f3 Qd4 28. Qf2 Nxd3 29. Qxd4 Rxd4 30. Rxd3 Rxd3 31. cxd3 Kf7 32. Ke2 Ke6 33. Ke3 Ke5 34. g3 g5 35. d4+ Kd5 36. g4 c5 37. dxc5 bxc5 38. Kd3 b5 39. Ke2 Kd4 40. Kd2 c4 41. bxc4 bxc4 42. Ke2 Kc5 43. Kd2 Kb5 44. Kc3 Kc5 45. Kd2 Kb4 46. Kc2 Kb5 1/2-1/2

[Event "CAN-ch U20 2001"]
[Site "Montreal CAN"]
[Date "2001.01.06"]
[Round "7"]
[White "Egorov, Mikhail"]
[Black "Xia, Yanchong"]
[Result "1/2-1/2"]
[WhiteElo "1996"]
[BlackElo "1811"]
[PlyCount "63"]
[GameId "2160767911627238"]
[EventDate "2001.01.03"]
[EventType "swiss"]
[EventRounds "9"]
[EventCountry "CAN"]

1. e4 c5 2. Nf3 Nc6 3. d4 cxd4 4. Nxd4 Nf6 5. Nc3 e5 6. Ndb5 d6 7. Bg5 a6 8. Na3 b5 9. Nd5 Be7 10. Bxf6 Bxf6 11. c3 O-O 12. Nc2 Bg5 13. h4 Bf6 14. Qf3 Be7 15. O-O-O Be6 16. Bd3 Rb8 17. Kb1 a5 18. g4 b4 19. cxb4 axb4 20. Bc4 Na5 21. Bb3 Nxb3 22. axb3 Bxd5 23. Rxd5 Qb6 24. Qe3 Qa6 25. Qd3 Qa7 26. Qe3 Qa6 27. Qd3 Qb6 28. Qe3 Qa6 29. Qd3 Qb6 30. Qe3 Qb7 31. Qd2 Qa7 32. Qe3 1/2-1/2

[Event "CAN-ch U20 2001"]
[Site "Montreal CAN"]
[Date "2001.01.06"]
[Round "7"]
[White "Gabriel, Jarrett"]
[Black "Ng, Gary"]
[Result "0-1"]
[WhiteElo "1587"]
[BlackElo "1703"]
[PlyCount "102"]
[GameId "2160767911627239"]
[EventDate "2001.01.03"]
[EventType "swiss"]
[EventRounds "9"]
[EventCountry "CAN"]

1. c4 c6 2. d4 d5 3. e3 Nf6 4. Nc3 Bf5 5. Qb3 Qd7 6. Nf3 e6 7. Ne5 Qc7 8. Bd2 Na6 9. cxd5 Nb4 10. Rc1 Nbxd5 11. Nxd5 exd5 12. Bb5 Bd7 13. O-O Ne4 14. Rfd1 Nxd2 15. Rxd2 Qa5 16. Bf1 Qxd2 17. Qxb7 Rd8 18. Rxc6 f6 19. Nxd7 Rxd7 20. Rc8+ Ke7 21. Rc7 Rxc7 22. Qxc7+ Ke6 23. Qc8+ Kf7 24. Qd7+ Kg6 25. Qg4+ Kf7 26. Qd7+ Kg6 27. g4 h6 28. Qxd5 Qc2 29. e4 Kh7 30. h4 g6 31. Qf7+ Bg7 32. f3 Qd1 33. h5 Qxd4+ 34. Kh1 gxh5 35. gxh5 Rf8 36. Qg6+ Kh8 37. Bh3 Qd1+ 38. Kh2 Qd2+ 39. Kh1 Qc1+ 40. Kh2 Qg5 41. Bf5 Qxg6 42. hxg6 Rd8 43. Kg3 Rd2 44. b4 Rxa2 45. b5 Rb2 46. Bd7 Bf8 47. Kg4 Kg7 48. Be8 Bd6 49. f4 Rh2 50. Kg3 Rh1 51. Kg2 Re1 0-1

[Event "CAN-ch U20 2001"]
[Site "Montreal CAN"]
[Date "2001.01.06"]
[Round "7"]
[White "Gottlieb, Jonathan"]
[Black "Davies, Lucas"]
[Result "1-0"]
[WhiteElo "2118"]
[BlackElo "1936"]
[PlyCount "43"]
[GameId "2160767911627240"]
[EventDate "2001.01.03"]
[EventType "swiss"]
[EventRounds "9"]
[EventCountry "CAN"]

1. e4 e5 2. Nf3 Nc6 3. Bc4 Bc5 4. c3 Nf6 5. d4 exd4 6. cxd4 Bb4+ 7. Bd2 Bxd2+ 8. Nbxd2 d5 9. exd5 Nxd5 10. Qb3 Na5 11. Qa4+ Nc6 12. Qb3 Na5 13. Qa4+ Nc6 14. Qc2 O-O 15. O-O Re8 16. Rfe1 Nb6 17. Rxe8+ Qxe8 18. Ng5 Nxc4 19. Qxh7+ Kf8 20. Nxc4 Nxd4 21. Qh8+ Ke7 22. Qh4 1-0

[Event "CAN-ch U20 2001"]
[Site "Montreal CAN"]
[Date "2001.01.06"]
[Round "7"]
[White "Gurevich, Artjom"]
[Black "Bluvshtein, Mark"]
[Result "1/2-1/2"]
[WhiteElo "2312"]
[BlackElo "2268"]
[PlyCount "57"]
[GameId "2160767911627241"]
[EventDate "2001.01.03"]
[EventType "swiss"]
[EventRounds "9"]
[EventCountry "CAN"]

1. d4 Nf6 2. c4 e6 3. g3 d5 4. Bg2 dxc4 5. Nf3 Bd7 6. Ne5 Bc6 7. Nxc6 Nxc6 8. e3 Bb4+ 9. Bd2 Nd5 10. Qc2 Bxd2+ 11. Nxd2 b5 12. a3 O-O 13. O-O Nce7 14. Ne4 Rb8 15. h4 Nf5 16. Rfe1 Nf6 17. Nc5 Nd7 18. Ne4 Nf6 19. a4 a6 20. Nc5 Rb6 21. a5 Rd6 22. Nb7 Qc8 23. Nxd6 cxd6 24. d5 exd5 25. Rad1 Ne7 26. e4 Nc6 27. exd5 Nxa5 28. Re7 Qc5 29. Ra1 1/2-1/2

[Event "CAN-ch U20 2001"]
[Site "Montreal CAN"]
[Date "2001.01.06"]
[Round "7"]
[White "Mitrovic, Bojana"]
[Black "Raheb, David"]
[Result "1/2-1/2"]
[WhiteElo "2118"]
[BlackElo "2170"]
[PlyCount "46"]
[GameId "2160767911627242"]
[EventDate "2001.01.03"]
[EventType "swiss"]
[EventRounds "9"]
[EventCountry "CAN"]

1. Nf3 Nf6 2. g3 b6 3. Bg2 Bb7 4. O-O e6 5. c4 c5 6. Nc3 Be7 7. d4 cxd4 8. Nxd4 Bxg2 9. Kxg2 O-O 10. e4 d6 11. f3 a6 12. Be3 Qc7 13. Rc1 Nbd7 14. b3 Qb7 15. Qd2 Rfd8 16. Rfd1 Ne5 17. Qf2 Nfd7 18. Rc2 Rac8 19. Qe2 Nc5 20. Bf2 Bf6 21. Kg1 Nc6 22. Rcd2 Nb4 23. Qe3 Be7 1/2-1/2

[Event "CAN-ch U20 2001"]
[Site "Montreal CAN"]
[Date "2001.01.06"]
[Round "7"]
[White "Mogilevsky, Olga"]
[Black "Kapadia, Ronak"]
[Result "0-1"]
[WhiteElo "1768"]
[BlackElo "2073"]
[PlyCount "108"]
[GameId "2160767911627243"]
[EventDate "2001.01.03"]
[EventType "swiss"]
[EventRounds "9"]
[EventCountry "CAN"]

1. e4 c6 2. d4 d5 3. Nc3 dxe4 4. Nxe4 Nf6 5. Ng5 Bf5 6. N5f3 e6 7. Bd3 Bg6 8. Nh3 Bd6 9. Nf4 Qc7 10. Nxg6 hxg6 11. c4 Nbd7 12. Bd2 c5 13. h3 Rd8 14. Qe2 O-O 15. O-O e5 16. dxe5 Nxe5 17. Nxe5 Bxe5 18. Bc3 Bxc3 19. bxc3 Rfe8 20. Qc2 Nd7 21. Rab1 Nb6 22. Rfe1 Qf4 23. Rxe8+ Rxe8 24. Qb3 Qd2 25. Bf1 Re1 26. Rxe1 Qxe1 27. a4 Qe7 28. Qc2 Qe6 29. Qd1 Qd7 30. Qxd7 Nxd7 31. Be2 Nb6 32. a5 Na4 33. Bf3 b6 34. a6 Nxc3 35. Kf1 Kf8 36. Ke1 Ke7 37. Kd2 Na2 38. Ke3 Nb4 39. Bb7 Kd6 40. Ke4 Nc6 41. f4 Nd8 42. Ba8 Nc6 43. Bb7 f6 44. h4 Ne7 45. g4 f5+ 46. Kf3 Kc7 47. g5 b5 48. cxb5 Kb6 49. Ke3 Kxb5 50. Kd3 c4+ 51. Kc3 Kc5 52. Bf3 Nd5+ 53. Bxd5 Kxd5 54. Kb4 Kd4 0-1

[Event "CAN-ch U20 2001"]
[Site "Montreal CAN"]
[Date "2001.01.06"]
[Round "7"]
[White "Moskvitch, Andrei"]
[Black "Vaingorten, Yaaqov"]
[Result "0-1"]
[WhiteElo "2201"]
[BlackElo "2292"]
[PlyCount "50"]
[GameId "2160767911627244"]
[EventDate "2001.01.03"]
[EventType "swiss"]
[EventRounds "9"]
[EventCountry "CAN"]

1. e4 e6 2. d3 c5 3. g3 Nc6 4. Bg2 g6 5. Nc3 Bg7 6. Be3 d6 7. Qd2 Rb8 8. f4 Nge7 9. Nf3 Nd4 10. O-O f5 11. Qf2 Nec6 12. Ne1 O-O 13. Nd1 e5 14. Nc3 Ne6 15. exf5 gxf5 16. Rb1 Ne7 17. Nd5 Kh8 18. b4 b6 19. bxc5 dxc5 20. Nxe7 exf4 21. gxf4 Qxe7 22. Nf3 Bb7 23. Kh1 Qc7 24. Ng5 Rbe8 25. Rg1 Nxg5 0-1

[Event "CAN-ch U20 2001"]
[Site "Montreal CAN"]
[Date "2001.01.06"]
[Round "7"]
[White "Ramaswamy, Kiran"]
[Black "Johnson, Kyle"]
[Result "1-0"]
[WhiteElo "1860"]
[BlackElo "1791"]
[PlyCount "79"]
[GameId "2160767911627245"]
[EventDate "2001.01.03"]
[EventType "swiss"]
[EventRounds "9"]
[EventCountry "CAN"]

1. c4 c5 2. g3 d6 3. Bg2 Nf6 4. Nc3 a6 5. Nf3 Nc6 6. O-O e6 7. d4 cxd4 8. Nxd4 Bd7 9. b3 Be7 10. Bb2 O-O 11. Ne4 Nxe4 12. Bxe4 e5 13. Nc2 Bh3 14. Bg2 Qd7 15. Ne3 Rad8 16. Nd5 Bg5 17. e3 Bxg2 18. Kxg2 f5 19. Qh5 Be7 20. Rad1 Qe8 21. Qxe8 Rfxe8 22. Rd2 Bf8 23. Rfd1 Re6 24. Ba3 Rg6 25. h4 h5 26. Nb4 Be7 27. c5 Bxh4 28. Nxc6 bxc6 29. cxd6 Kf7 30. Rc2 Be7 31. Rxc6 Bf8 32. Rxa6 h4 33. Bc5 hxg3 34. fxg3 f4 35. exf4 exf4 36. Rd3 fxg3 37. b4 Ke8 38. d7+ Kf7 39. Rxg6 Kxg6 40. Bxf8 1-0

[Event "CAN-ch U20 2001"]
[Site "Montreal CAN"]
[Date "2001.01.06"]
[Round "7"]
[White "Robichaud, Martin"]
[Black "Predescu, Sebastian"]
[Result "1-0"]
[WhiteElo "1974"]
[BlackElo "2042"]
[PlyCount "69"]
[GameId "2160767911627246"]
[EventDate "2001.01.03"]
[EventType "swiss"]
[EventRounds "9"]
[EventCountry "CAN"]

1. e4 c5 2. c3 d5 3. exd5 Qxd5 4. Nf3 Bg4 5. Be2 Nc6 6. d4 e6 7. O-O Nf6 8. Be3 cxd4 9. cxd4 Be7 10. Nc3 Qd7 11. Qa4 O-O 12. Rfd1 Nb4 13. Qb3 Bxf3 14. Bxf3 Nbd5 15. Bg5 Rfd8 16. Re1 h6 17. Bh4 g5 18. Bg3 Bd6 19. Bxd6 Qxd6 20. g3 b6 21. Re5 Rac8 22. Rae1 Rd7 23. a3 a6 24. Nxd5 Nxd5 25. Bxd5 exd5 26. Qf3 Kg7 27. h4 gxh4 28. Qg4+ Kf8 29. Qxh4 Rcd8 30. R1e3 Qg6 31. Rf3 Kg7 32. Rf4 Kh7 33. Rf6 Qg7 34. Rh5 Rd6 35. Rhxh6+ 1-0

[Event "CAN-ch U20 2001"]
[Site "Montreal CAN"]
[Date "2001.01.06"]
[Round "7"]
[White "Rolfe, Warrick"]
[Black "Ramaswamy, Kishor"]
[Result "1-0"]
[WhiteElo "2159"]
[BlackElo "1900"]
[PlyCount "49"]
[GameId "2160767911627247"]
[EventDate "2001.01.03"]
[EventType "swiss"]
[EventRounds "9"]
[EventCountry "CAN"]

1. e4 c6 2. d3 d5 3. Nd2 e5 4. g3 Bd6 5. Bg2 Ne7 6. Ngf3 Na6 7. O-O Nc7 8. c4 Bg4 9. Qb3 d4 10. c5 Bxc5 11. Nxe5 Be6 12. Qc2 Na6 13. a3 Bb6 14. b4 Rc8 15. Kh1 c5 16. b5 Nc7 17. a4 a5 18. Ndc4 Bxc4 19. Nxc4 Ne6 20. f4 Ba7 21. f5 Nf8 22. e5 Qc7 23. Nd6+ Kd7 24. Bf4 Ng8 25. Nxf7 1-0

[Event "CAN-ch U20 2001"]
[Site "Montreal CAN"]
[Date "2001.01.06"]
[Round "7"]
[White "Sadoway, Steven"]
[Black "Masse, Hugues"]
[Result "1/2-1/2"]
[WhiteElo "2019"]
[BlackElo "2085"]
[PlyCount "59"]
[GameId "2160767911627248"]
[EventDate "2001.01.03"]
[EventType "swiss"]
[EventRounds "9"]
[EventCountry "CAN"]

1. e4 c5 2. Nf3 d6 3. d4 cxd4 4. Nxd4 Nf6 5. Nc3 g6 6. Be3 Bg7 7. f3 Nc6 8. Qd2 O-O 9. Bc4 Bd7 10. O-O-O Rc8 11. Bb3 Ne5 12. h4 Nc4 13. Bxc4 Rxc4 14. g4 h5 15. Nd5 Nxd5 16. exd5 hxg4 17. h5 Bf5 18. Nxf5 gxf5 19. Bh6 e5 20. dxe6 Rd4 21. Qe3 f4 22. Bxf4 Rxd1+ 23. Rxd1 Qf6 24. c3 fxe6 25. Bg5 Qxf3 26. Qxe6+ Kh8 27. Bh6 g3 28. Bxg7+ Kxg7 29. Qg6+ Kh8 30. Qh6+ 1/2-1/2

[Event "CAN-ch U20 2001"]
[Site "Montreal CAN"]
[Date "2001.01.06"]
[Round "7"]
[White "Tessier, Olivier"]
[Black "Haynes, Nicolas"]
[Result "1-0"]
[WhiteElo "2117"]
[BlackElo "1999"]
[PlyCount "69"]
[GameId "2160767911627249"]
[EventDate "2001.01.03"]
[EventType "swiss"]
[EventRounds "9"]
[EventCountry "CAN"]

1. c4 e6 2. Nf3 b6 3. g3 Bb7 4. Bg2 f5 5. O-O Nf6 6. b3 Be7 7. Bb2 O-O 8. d4 d6 9. d5 e5 10. Ng5 Bc8 11. Nd2 h6 12. Ngf3 Bb7 13. Qc2 Nh7 14. Rad1 Qc8 15. Rfe1 c6 16. dxc6 Bxc6 17. Nf1 f4 18. Ba3 e4 19. N3d2 f3 20. exf3 exf3 21. Nxf3 Qb7 22. N1d2 Nf6 23. Nh4 Bxg2 24. Nxg2 Nc6 25. Ne4 Ne5 26. Nxf6+ Rxf6 27. Qe4 Nf3+ 28. Kh1 Qc8 29. Re3 Ne5 30. Re2 Bf8 31. f4 Nd7 32. Rde1 Rb8 33. Qd5+ Kh8 34. Bb2 Qd8 35. Nh4 1-0

[Event "CAN-ch U20 2001"]
[Site "Montreal CAN"]
[Date "2001.01.06"]
[Round "7"]
[White "Wang, Hao Yuan"]
[Black "Hua, Lefong"]
[Result "0-1"]
[WhiteElo "2129"]
[BlackElo "2400"]
[PlyCount "70"]
[GameId "2160767911627250"]
[EventDate "2001.01.03"]
[EventType "swiss"]
[EventRounds "9"]
[EventCountry "CAN"]

1. e4 c5 2. Nf3 e6 3. d4 cxd4 4. Nxd4 a6 5. Bd3 Qc7 6. O-O Nf6 7. Qe2 d6 8. c4 Be7 9. Nc3 O-O 10. Be3 Nbd7 11. f4 b6 12. Nb3 Bb7 13. Rad1 Rab8 14. g4 Ne8 15. Qf2 Bf6 16. Na4 Bd8 17. Nc3 Bf6 18. Na4 Nc5 19. Naxc5 dxc5 20. g5 Be7 21. Qc2 Qc6 22. Rde1 f5 23. gxf6 Nxf6 24. Bf2 Rbd8 25. Re2 e5 26. Bg3 Nh5 27. f5 Nxg3 28. hxg3 Bg5 29. Rh2 Be3+ 30. Kg2 Qd7 31. Be2 a5 32. Rfh1 Qxf5 33. Rh4 Qf2+ 34. Kh3 Bc8+ 35. Bg4 Qxc2 0-1

[Event "CAN-ch U20 2001"]
[Site "Montreal CAN"]
[Date "2001.01.06"]
[Round "7"]
[White "Wilson, Jonathan"]
[Black "Godin, Robert"]
[Result "1-0"]
[WhiteElo "1842"]
[BlackElo "1361"]
[PlyCount "71"]
[GameId "2160767911627251"]
[EventDate "2001.01.03"]
[EventType "swiss"]
[EventRounds "9"]
[EventCountry "CAN"]

1. e4 e5 2. Nf3 Nc6 3. Bb5 a6 4. Ba4 Nf6 5. O-O Nxe4 6. d4 Bd6 7. Re1 f5 8. Bxc6 bxc6 9. dxe5 Be7 10. Nbd2 Nxd2 11. Bxd2 O-O 12. Bc3 d5 13. exd6 cxd6 14. Qd4 Bf6 15. Qc4+ Kh8 16. Qxc6 Bxc3 17. Qxc3 Bb7 18. Rad1 Rc8 19. Qd3 Rf6 20. c3 Qb6 21. Rd2 g6 22. Qd4 d5 23. Re7 Rb8 24. Ng5 Kg8 25. Nxh7 Qxd4 26. Rxd4 Rf7 27. Rxf7 Kxf7 28. Ng5+ Kf6 29. Nf3 Re8 30. Kf1 g5 31. Rb4 Re7 32. Rb6+ Kg7 33. Nxg5 Bc8 34. Nf3 f4 35. Nd4 Kf8 36. Rb8 1-0